2-Minute State Capital Road Trip Quiz Stats

 Plays Quiz Updated Sep 12, 2018

Challenge
Share
Tweet
Embed
Score 0/50 Timer 02:00
0 Plays Today
Connected Capitals Capital % Correct
7Des Moines, IA
96.9%
7Topeka, KS
95.5%
6Sacramento, CA
95.2%
5Cheyenne, WY
94.8%
7Oklahoma City, OK
94.3%
4Salt Lake City, UT
93.4%
4Madison, WI
93.1%
6St. Paul, MN
92.4%
3Boston, MA
92.3%
4Lincoln, NE
91.2%
2Salem, OR
90.3%
2Olympia, WA
90.3%
6Indianapolis, IN
90.1%
4Austin, TX
89.6%
2Albany, NY
89.4%
5Denver, CO
88%
3Jackson, MS
84.9%
2Phoenix, AZ
84%
2Tallahassee, FL
84%
2Baton Rouge, LA
84%
6Richmond, VA
84%
5Nashville, TN
83.7%
3Columbus, OH
82.5%
3Montgomery, AL
81.1%
3Columbia, SC
80.2%
Connected Capitals Capital % Correct
3Atlanta, GA
80.2%
4Trenton, NJ
78.9%
4Providence, RI
78.9%
4Augusta, ME
78.9%
3Little Rock, AR
75.8%
3Raleigh, NC
75.8%
2Concord, NH
71.5%
2Santa Fe, NM
71.5%
2Bismarck, ND
66.7%
3Charleston, WV
66.5%
0Honolulu, HI
64.4%
1Springfield, IL
63.7%
0Juneau, AK
62.8%
1Helena, MT
59.4%
2Frankfort, KY
59.1%
1Lansing, MI
58.5%
1Montpelier, VT
46.7%
0Pierre, SD
43.9%
0Boise, ID
42.9%
0Carson City, NV
39.6%
0Harrisburg, PA
38.1%
0Jefferson City, MO
34.4%
0Dover, DE
33.6%
0Annapolis, MD
32.6%
0Hartford, CT
27.4%

You're not logged in!

Compare scores with friends on all Sporcle quizzes.
OR
Log In

You Might Also Like...

Show Comments

Extras

Top Quizzes Today


Score Distribution

Your Account Isn't Verified!

In order to create a playlist on Sporcle, you need to verify the email address you used during registration. Go to your Sporcle Settings to finish the process.

Report this User

Report this user for behavior that violates our Community Guidelines.

Details: